Sports Quiz

Random Sports or Football Quiz

NFL Starting QBs (Carolina Panthers) Quiz Stats

 Plays Quiz Updated Jan 4, 2019

Challenge
Share
Tweet
Embed
Score 0/15 Timer 04:00
1 Play Today
Games Player % Correct
122Cam Newton
99.1%
90Jake Delhomme
85.9%
4Derek Anderson
59.9%
10Jimmy Clausen
55.3%
19Chris Weinke
39.9%
13Matt Moore
35.6%
6 Vinny Testaverde
33.7%
32Steve Beuerlein
31.6%
Games Player % Correct
15Rodney Peete
24.8%
4David Carr
18.8%
1Kyle Allen
13.6%
1Taylor Heinicke
11.8%
1Brian St. Pierre
10%
1Randy Fasani
5.6%
1Matt Lytle
4.7%

You're not logged in!

Compare scores with friends on all Sporcle quizzes.
OR
Log In

You Might Also Like...

Show Comments

Extras

Top Quizzes Today


Score Distribution

Your Account Isn't Verified!

In order to create a playlist on Sporcle, you need to verify the email address you used during registration. Go to your Sporcle Settings to finish the process.

Report this User

Report this user for behavior that violates our Community Guidelines.

Details: